000 00629nam a2200253Ia 4500
003 OSt
005 20221007070803.0
006 a|||||r|||| 00| 0
007 ta
008 221006b |||||||| |||| 00| 0 eng d
020 _cRs. 500/-
024 _a8,284
037 _cTextual
040 _aFLL
_cFLL
_beng
041 _2eng
_aeng
082 _aZ2,315, N8
100 _aNarayana P.S.
245 0 _aLaw of partnership
250 _a1st
260 _aHyderabad
_bGogia Law Agency India
_c1997
300 _axl,827p
_ccm.
942 _hZ2,315, N8
_cTEXL
_2CC
999 _c1141529
_d1141529